• 首页
  • 本馆介绍
  • 公告通知
  • 最新文献
  • 馆藏检索
  • 电子资源
  • 读者导购
  • 参考咨询
  • 我的图书馆
  • 登录
  • 详细信息显示
  • 放入我的书架
  • 预约/预借图书
  • 作者相关作品
  • 分类相关作品
  • 丛书相关作品
  • 出版社相关作品

书目信息

  • 表格格式
  • 工作单格式
  • 卡片格式
题名:
中国可溶岩类型图
    
 
作者: ;李大通 执笔 ;中国地质科学院岩溶地质研究所 编
分册:  
出版信息: 北京   地图出版社  1985
页数: 全一册
开本: 31cm
丛书名:
单 册:
中图分类: P588.15-64
科图分类:
主题词: 岩石学
电子资源:
ISBN:
000 00805nam0 2200253 45
001 0404291046
005 20040125084234.9
010    @dCNY7.20
091    @a12014.1415
100    @a20040429d1985 km y0chiy0120 ea
101 0  @achi
105    @a z 000yy
123    @aa@b1:4000000
200 1  @a中国可溶岩类型图@AZhong Guo Ke Rong Yan Lei Xing Tu@f中国地质科学院岩溶地质研究所编@FZhong Guo Di Zhi Ke Xue Yuan Yan Rong Di Zhi Yan Jiu Suo Bian@g李大通执笔
210    @a北京@c地图出版社@d1985
215    @a全一册@d31cm
300    @a附:中国可溶岩类型图说明书
300    @a比例尺 1:4000000
606 0  @a岩石学
690    @aP588.15-64@v4
702  0 @a李大通@ALi Da Tong@4执笔
711 02 @a中国地质科学院岩溶地质研究所@4编
801    @aCN@bTSTC@c20040429
905    @b332058-060@dP588.15-64@e74@f3
    
    中国可溶岩类型图/中国地质科学院岩溶地质研究所编/李大通执笔.-北京:地图出版社,1985
    全一册;31cm
    附:中国可溶岩类型图说明书.-比例尺 1:4000000
    
    ISBN :CNY7.20
    
●
相关链接 在E读中查询图书 在五车中查询图书 在当当中查询图书 在豆瓣中查询图书


正题名:中国可溶岩类型图     索取号:P588.15-64/74         预约/预借

序号 登录号 条形码 馆藏地/架位号 状态 备注
1 0332058   203320584   第三借阅区/ [索取号:P588.15-64/74] 在馆    
2 0332059   203320593   第三借阅区/ [索取号:P588.15-64/74] 在馆    
3 0332060   203320600   第二样本阅览室/ [索取号:P588.15-64/74] 在馆    
唐山师范学院图书馆 欢迎您!
大连网信软件有限公司© 版权所有